logo

Bir Sreshtho Munshi Abdur Rouf Library
Jhenaidah Cadet College

ABC's of the Community Medicine / (Record no. 10011)

MARC details
000 -LEADER
fixed length control field 00617nam a2200229 a 4500
001 - CONTROL NUMBER
JCCL Control Number 10011
003 - CONTROL NUMBER IDENTIFIER
JCCL marc code BD-JhCC
005 - DATE AND TIME OF LATEST TRANSACTION
control field 20180404192201.0
008 - FIXED-LENGTH DATA ELEMENTS--GENERAL INFORMATION
fixed length control field 180404s2003 bg |||| || | 001 0 eng d
035 ## - SYSTEM CONTROL NUMBER
system control number (BD-JhCC)10011
040 ## - CATALOGING SOURCE
Original cataloging agency BD-JhCC
Modifying agency BD-JhCC
041 ## - LANGUAGE CODE
Language code of Book eng
082 ## - DEWEY DECIMAL CLASSIFICATION NUMBER
Classification number 362.10425
Author mark and Year AHM 2003
100 ## - MAIN ENTRY--PERSONAL NAME
Personal name Ahmed, S. M. Moslehuddin
245 ## - TITLE STATEMENT
Title ABC's of the Community Medicine /
Statement of responsibility, etc S. M. Moslehuddin Ahmed,
260 ## - PUBLICATION, DISTRIBUTION, ETC. (IMPRINT)
Place of publication, distribution, etc Dhaka :
Name of publisher, distributor, etc Daaniya Publications,
Date of publication, distribution, etc 2003
300 ## - PHYSICAL DESCRIPTION
Pagination 410 p. :
Dimensions 26 cm.
650 ## - SUBJECT ADDED ENTRY--TOPICAL TERM
Topical term or geographic name as entry element Community Health Service
650 ## - SUBJECT ADDED ENTRY--TOPICAL TERM
Topical term or geographic name as entry element Medical Care
942 ## - ADDED ENTRY ELEMENTS (KOHA)
Source of classification or shelving scheme Dewey Decimal Classification
Koha item type Books
Holdings
Source of classification or shelving scheme Damaged status Not for loan Home library Current library Shelving location Date of accession Cost, normal purchase price Total Checkouts Full call number Barcode Date last seen Copy number Koha item type
Dewey Decimal Classification     JCC Rouf Library JCC Rouf Library General Stacks 02/04/2018 450.00   362.10425 AHM 2003 13338 04/04/2018 C-1 Books
Dewey Decimal Classification     JCC Rouf Library JCC Rouf Library General Stacks 04/04/2018     362.10425 AHM 2003 11204 04/04/2018 C-1 Books

JCC Library | Contacts | JCC Home

Last Update on 23 September 2017
Copyright @ 2017-2020 JCC Rouf Library
Rouf Library, Jhenidah Cadet College (JCC), Bangladesh